Movies Quiz

Random Movies or Baseball Quiz

The Bad News Bears or The Sandlot? Quiz Stats

 Plays Quiz Updated Sep 4, 2014

Support Sporcle.
Go Orange.
Score 0/22 Timer 01:00
0 Plays Today
Player Movie (B/S) % Correct
Ahmad Abdul-Rahim???
88.9%
Amanda Whurlitzer???
85.7%
Benny Rodriguez???
83.5%
Kelly Leak???
82.2%
Jose Aguilar???
77.6%
Miguel Aguilar???
76.3%
Ogilvie???
73.1%
Scott Smalls???
73.1%
Jimmy Feldman???
72.8%
Hamilton Porter???
68.5%
Tanner Boyle???
66.1%
Player Movie (B/S) % Correct
Mike Engleberg???
65.4%
Timmy Timmons???
65.2%
Rudi Stein???
65%
Michael Palledorous???
64.3%
Tommy Timmons???
64.1%
Bertram Weeks???
63.4%
Kenny DeNunez???
62.3%
Regi Tower???
60.9%
Tobey Whitewood???
60%
Timmy Lupus???
57.4%
Alan McClennan???
56.3%

You're not logged in!

Compare scores with friends on all Sporcle quizzes.
OR
Log In

From the Vault

Super Bowl Record Match

by sproutcm

This can either remind you of your team's glory days, or make you really, really sad.
Remove Ads.
Support Sporcle.
Get the best of Sporcle when you Go Orange. This ad-free experience offers more features, more stats, and more fun while also helping to support Sporcle. Thank you for becoming a member.

Show Comments

Extras

Top Quizzes Today


Score Distribution

Your Account Isn't Verified!

In order to create a playlist on Sporcle, you need to verify the email address you used during registration. Go to your Sporcle Settings to finish the process.

Report this User

Report this user for behavior that violates our Community Guidelines.

Details: